• 首页
  • 本馆介绍
  • 公告通知
  • 最新文献
  • 馆藏检索
  • 电子资源
  • 读者导购
  • 参考咨询
  • 我的图书馆
  • 登录
  • 详细信息显示
  • 放入我的书架
  • 预约/预借图书
  • 作者相关作品
  • 分类相关作品
  • 丛书相关作品
  • 出版社相关作品

书目信息

  • 表格格式
  • 工作单格式
  • 卡片格式
题名:
经济管理中的价格
    
 
作者: 曹英 编
分册:  
出版信息: 北京   北京大学出版社  1982
页数: 144页
开本: 19cm
丛书名:
单 册:
中图分类: F045.3
科图分类:
主题词: 经济管理-价格--文集 , 价格-经济管理--文集
电子资源:
ISBN:
000 00637nam0 2200241 45
001 0182008276
005 20060801154841.79
010    @dCNY0.45
091    @a4209.5
100    @a19950427d1982 em y0chiy0121 ea
101 0  @achi
102    @aCN@b110000
105    @ay z 000yy
200 10 @a经济管理中的价格@Ajing ji guan li zhong de jia ge@f曹英编
210    @a北京@c北京大学出版社@d1982
215    @a144页@d19cm
606    @a经济管理-价格@x文集
606    @a价格-经济管理@x文集
690    @aF045.3@v3
701  0 @a曹英@Acao ying@4编
801  0 @aCN@bTSSF@c20060801
801  2 @aCN@bNLC@c20060705
905    @a10447@dF045.3@e92
    
    经济管理中的价格/曹英编.-北京:北京大学出版社,1982
    144页;19cm
    
    
    ISBN :CNY0.45
    
●
相关链接 在E读中查询图书 在五车中查询图书 在当当中查询图书 在豆瓣中查询图书


正题名:经济管理中的价格     索取号:F045.3/92         预约/预借

序号 登录号 条形码 馆藏地/架位号 状态 备注
1 0421444   204214448   密集书库/ [索取号:F045.3/92] 在馆    
2 0441294   204412947   密集书库/ [索取号:F045.3/92] 在馆    
唐山师范学院图书馆 欢迎您!
大连网信软件有限公司© 版权所有